Statistiques concernant Histoire commençant par la lettre T

Cliquez ici pour prendre le quiz!

Statistiques générales

  • Ce quiz a été pris 2,328 fois
    (1,656 depuis la dernière actualisation)
  • Le résultat moyen est 13 sur 20

Statistiques - réponses

Indice Réponse % Correct
Il fit naufrage après avoir heurté un iceberg le 14 avril 1912Titanic
97%
Cité antique de l'actuelle Turquie, dans laquelle Ulysse serait rentré
caché dans un cheval en bois
Troie
93%
Ville tristement célèbre pour la catastrophe nucléaire qui s'y est déroulé le 26 avril 1986Tchernobyl
92%
La tombe de ce célèbre pharaon d'Égypte a été découverte en 1922Toutânkhamon
91%
Région de l'Himalaya envahie par la Chine en 1950Tibet
89%
Vêtement traditionnellement porté par les citoyens de la Rome antiqueToge
88%
Première femme Premier ministre du Royaume UniMargaret Thatcher
84%
Des musiciens, compositeurs et poètes de l'époque médiévaleTroubadours /
Trouvères
75%
Mouvement fondamentaliste muslman ayant pris le pouvoir en Afghanistan en 1996Taliban
72%
Ce mausolée de marbre blanc est considéré comme le plus beau joyau
de l'architecture moghole
Taj Mahal
70%
Dynastie anglaise du XVIème siècle dont les deux principaux monarques
furent Henri VIII et Élisabeth Ire
Tudor
58%
Cet ancien révolutionnaire bolchévique a été assassiné en 1940 au MexiqueLéon Trotsky
53%
Le successeur de Franklin D. RooseveltHarry S. Truman
52%
De 14 à 37 : le deuxième empereur romainTibère
51%
Ville de la Grèce antique, rivale d'Athènes pendant les Guerres médiquesThèbes
47%
Les mutinés du HMS Bounty reviennent s'installer sur cette île du Pacifique en 1789Tahiti
45%
Cette pièce d'artillerie était surtout utilisée en engin de siège au Moyen-ÂgeTrébuchet
32%
Dynastie chinoise ayant régné entre 618 et 907 ap. JCT'ang
32%
Première période du mésozoïque, précédant le JurassiqueTrias
31%
Ville historique construite en l'honneur de ce dernier par Hérode Antipas, bordant son
lac éponyme (aussi appelé Mer de Gallilée)
Tibèriade
22%

Distribution des résultats

Percentile by Number Answered

% des personnes avec chaque résultat

Votre développement - résultats

Vous n’avez pas pris ce quiz depuis la dernière actualisation